The Construction of the Great Pyramid of Giza according to Herodotus : The secrets of its construction method from a physical-technical perspective /

محفوظ في:

المؤلف الرئيسي: Munt, Hartwig (مؤلف)

التنسيق: كتاب

اللغة: English

منشور في: Norderstedt : Books on Demand, 2013.

الطبعة: 1., neue Auflage.

الموضوعات:

الوسوم: إضافة وسم

لا توجد وسوم, كن أول من يضع وسما على هذه التسجيلة!

رقم الطلب: DT73 .G5 M85

LEADER 01008nam a22002777a 4500
003 OSt
005 20251209074132.0
008 251209t2013 gw ad g b 000 0 eng d
020 |a 9783732245239 
040 |c ARCE Library 
043 |a f-ua--- 
050 1 4 |a DT73 .G5  |b M85 
100 1 |a Munt, Hartwig,  |e author  |9 36482 
245 1 4 |a The Construction of the Great Pyramid of Giza according to Herodotus :   |b The secrets of its construction method from a physical-technical perspective /   |c Hartwig Munt. 
250 |a 1., neue Auflage. 
264 1 |a Norderstedt :   |b Books on Demand,   |c 2013. 
300 |a 284 pages :   |b illustrations, charts ;   |c 21 cm. 
500 |a "Scientific paper" - on Title page. 
504 |a Includes bibliographical references. 
600 0 0 |a Herodotus  |x Knowledge and learning.  |9 31965 
650 0 |a Great Pyramid (Egypt)  |v Miscellanea. 
650 0 |a Pyramids  |x Design and construction  |z Egypt. 
651 0 |a Egypt  |x Antiquities. 
901 |a reviewed 
942 |c BK  |2 lcc 
999 |c 27914  |d 27914